000 00775cab a2200229 4500
001 WB2912-18
008 090401t1993 xxu||||| |||| 00| 0 eng d
035 _a(Sirsi) u559
041 _aeng
245 _aEC environmental audits
260 _c1993
350 _a0
490 _aFinancial Times
_v24 March 1993, 3
490 _aDaily Telegraph
_v24 March 1993, 23(1)
520 _aEC environment ministers have agreed a voluntary eco-auditing scheme which will enable industrial companies to sign up for environmental goals set by themselves but verified by external auditors.
650 _aENVIRONMENT ISSUES
650 _aENVIRONMENTAL AUDITS
650 _aINDUSTRIAL COMPANIES
690 _aENVIRONMENTAL AND LAND CONSULTANCY
942 _n0
948 _c04/03/1997
999 _c263
_d263